MARC

LEADER 00000nam0a2200000 4500
001 291618
005 20240930162500.0
035 |a (RuTPU)RU\TPU\book\316196 
090 |a 291618 
100 |a 20150415d1981 km y0rusy5003 ca 
101 0 |a rus 
102 |a RU 
105 |a y z 000zy 
200 1 |a 1939 : последние недели мира. Как была развязана империалистами вторая мировая война  |f И. Д. Овсяный 
210 |a Москва  |c Изд-во политической лит-ры  |d 1981 
215 |a 319 с. 
606 |a Вторая мировая война 1939-1945  |x Подготовка  |9 81302 
610 1 |a причины 
610 1 |a возникновение 
610 1 |a развязывание 
610 1 |a фашистские режимы 
610 1 |a Германия 
610 1 |a международные отношения 
610 1 |a разведслужбы 
610 1 |a секретные документы 
610 1 |a дипломатическая деятельность 
686 |a Т3(0)62,08  |2 rubbk 
700 1 |a Овсяный  |b И. Д.  |g Игорь Дмитриевич 
801 0 |a RU  |b RuMRKP  |c 19950704  |g psbo 
801 1 |a RU  |b 63413507  |c 20150415 
801 2 |a RU  |b 63413507  |c 20190923  |g RCR 
942 |c BK